| 000 | 01297cam a2200421 i 4500 | ||
|---|---|---|---|
| 001 | a4832 | ||
| 003 | DO-SdBNP | ||
| 005 | 20171109111454.0 | ||
| 007 | a4832 | ||
| 008 | 100929s2010 sp a | |||| 001 0 spa | ||
| 015 | _a | ||
| 017 | _b | ||
| 020 | _a9788430607785 | ||
| 035 | _a | ||
| 040 |
_aBPMSU _bspa _cBPMSU _e |
||
| 041 | 1 |
_a _h |
|
| 082 | 4 |
_a 364.151 _bG618p |
|
| 100 | 1 | _aGoldhagen, Daniel Jonah | |
| 240 | 1 | 0 |
_aWorse than war _lEspañol |
| 245 | 1 | 0 |
_aPeor que la guerra : _h _bgenocidio, eliminacionismo y la continua agresión contra la humanidad / _cDaniel Jonah Goldhagen ; traducción de Alejandro Pradera |
| 260 |
_aMadrid : _bTaurus, _c 2010 |
||
| 300 |
_a707 p. : _bil., mapas _c24 cm |
||
| 490 | 1 | _aPensamiento (Taurus) | |
| 500 | _aIncluye índice | ||
| 500 | _aIncluye bibliografía y notas al pie de las páginas | ||
| 650 | 4 |
_a GENOCIDIO _2 _xASPECTOS PSICOLÓGICOS |
|
| 650 | 4 |
_aGENOCIDIO _xPREVENCIÓN |
|
| 650 | 4 | _aRACISMO | |
| 650 | 4 | _aPREJUICIOS Y ANTIPATIAS | |
| 650 | 4 | _aODIO | |
| 650 | 4 | _aIDENTIDAD | |
| 700 | 1 | 2 |
_aPradera, Alejandro _etr. |
| 830 | _aPensamiento (Taurus) | ||
| 910 | _aValidado. Control de calidad MFF | ||
| 942 |
_2ddc _cBK |
||
| 945 | _aInventariado, 2017/MFF | ||
| 956 |
_aVMATEO _b10 _c20160825 _dBPMSU _f00069 |
||
| 999 |
_c11184 _d11184 |
||